Pa-ha-sa-pah; (Record no. 51709)
[ view plain ]
| 000 -LEADER | |
|---|---|
| fixed length control field | 01166cam a22002651 4500 |
| 001 - CONTROL NUMBER | |
| control field | rc 01000025 |
| 003 - CONTROL NUMBER IDENTIFIER | |
| control field | DLC |
| 005 - DATE AND TIME OF LATEST TRANSACTION | |
| control field | 20260227111858.0 |
| 008 - FIXED-LENGTH DATA ELEMENTS--GENERAL INFORMATION | |
| fixed length control field | 791009s1895 mou 000 0 eng |
| 010 ## - LIBRARY OF CONGRESS CONTROL NUMBER | |
| LC control number | rc 01000025 |
| 035 ## - SYSTEM CONTROL NUMBER | |
| System control number | (OCoLC)5506310 |
| 040 ## - CATALOGING SOURCE | |
| Original cataloging agency | DLC |
| Transcribing agency | TxU |
| Modifying agency | DLC |
| 042 ## - AUTHENTICATION CODE | |
| Authentication code | premarc |
| 050 00 - LIBRARY OF CONGRESS CALL NUMBER | |
| Classification number | F657.B6 |
| Item number | R8 |
| 100 1# - MAIN ENTRY--PERSONAL NAME | |
| Personal name | Rosen, Peter, |
| Dates associated with a name | 1850-1906. |
| 245 10 - TITLE STATEMENT | |
| Title | Pa-ha-sa-pah; |
| Remainder of title | or, The Black Hills of South Dakota. A complete history of the gold and wonder-land of the Dakotas, from the remotest date up to the present ... |
| Statement of responsibility, etc. | By Rev. Peter Rosen ... |
| 260 ## - PUBLICATION, DISTRIBUTION, ETC. | |
| Place of publication, distribution, etc. | St. Louis, |
| Name of publisher, distributor, etc. | Nixon-Jones Printing Company, |
| Date of publication, distribution, etc. | 1895. |
| 300 ## - PHYSICAL DESCRIPTION | |
| Extent | xiii, 645 p. |
| Other physical details | front., illus., plates, ports. |
| Dimensions | 24 cm. |
| 505 0# - FORMATTED CONTENTS NOTE | |
| Formatted contents note | book I. Indians in the Hills.--book II. [Early explorers]--book III. [Father De Smet]--book IV. [U.S. expeditions]--book V. [Mining]--book VI. [South Dakota]--Appendix. Lectures on mining. |
| 651 #0 - SUBJECT ADDED ENTRY--GEOGRAPHIC NAME | |
| Geographic name | Black Hills (S.D. and Wyo.) |
| General subdivision | History. |
| 600 10 - SUBJECT ADDED ENTRY--PERSONAL NAME | |
| Personal name | Smet, Pierre-Jean de, |
| Dates associated with a name | 1801-1873. |
| 651 #0 - SUBJECT ADDED ENTRY--GEOGRAPHIC NAME | |
| Geographic name | South Dakota |
| General subdivision | Description and travel. |
| 650 #0 - SUBJECT ADDED ENTRY--TOPICAL TERM | |
| Topical term or geographic name entry element | Mines and mineral resources |
| Geographic subdivision | United States. |
| 740 0# - ADDED ENTRY--UNCONTROLLED RELATED/ANALYTICAL TITLE | |
| Uncontrolled related/analytical title | Black Hills of South Dakota. |
No items available.